Fundamentals of financial accounting

Bibliographic Details
Main Authors: Phillips, Fred , 1918- (Author), Libby, Patricia A. (Author), Libby, Robert (Author)
Format: Book
Language:English
Published: New York : McGraw-Hill/Irwin , c2006
Subjects:

MARC

LEADER 00000cam a2200000 7i4500
001 0000004396
005 20180919093000.0
008 060725s2006 nyu eng
020 |a 0072881372 
090 0 0 |a HF5636   |b .P545 2006 
100 1 |a Phillips, Fred ,   |d 1918- ,   |e author 
245 1 0 |a Fundamentals of financial accounting   |c Fred Phillips, Robert Libby, Patricia A. Libby 
260 2 |a New York :   |b McGraw-Hill/Irwin ,   |c c2006 
300 |a xxxi, 727 p. :   |b ill.(some col.) ;   |c 30 cm. 
504 |a Includes index 
650 0 |a Accounting 
700 1 |a Libby, Patricia A. ,   |e author 
700 1 |a Libby, Robert ,   |e author 
999 |a 1000105410   |b Book   |c OPEN SHELF (30 DAYS)   |e Gong Badak Campus 
999 |a 1000106332   |b Book   |c Close Access   |e Gong Badak Campus